Azerbaijan Premier League Top 4 - Statistics

General Stats
  • This quiz has been taken 41 times
    23 since last reset
  • The average score is 10 of 21
Answer Stats
Team % Correct
Qarabağ
95%
Baku
70%
Neftçi
70%
Gabala
60%
Zira
60%
Khazar Lankaran
55%
Khazar Sumgayit
55%
Sabah
55%
Araz-Naxçıvan
50%
Sumgayit
50%
Turan
50%
Shamakhi
45%
Kapaz
40%
Sabail
40%
AZAL
35%
Karvan
35%
Simurq
30%
Shafa
25%
Shamkir
25%
Khazri Buzovna
20%
Vilash Masalli
15%
No matching quizzes found
Score Distribution
Percent of People with Each Score
Percentile by Number Answered
Your Score History
You have not taken this quiz since the last reset